000 00608nmc a2200217 a 4500
003 AR-X00000XY
005 20251128212009.0
008 077020s1955 ||||||||||||||000 | spa||
040 _cAR-X00000XY
100 1 _aTzara, Tristán
245 1 0 _aEl surrealismo de hoy
260 _aBuenos Aires
_bEdiciones Alpe
_c1955
300 0 _a97 p.
490 0 _aColección La palabra y el mundo
_v4
500 0 _aCon anotaciones manuscritas de Alejandra Pizarnik
655 _aLITERATURA
700 1 _aAguirre, Raúl Gustavo
_etraductor
800 1 _aAguirre, Raúl Gustavo
942 _cBK
998 _cmartin
999 _c21984
_d21984